Cuando la vida empieza / (Record no. 37194)

MARC details
000 -LEADER
campo de control de longitud fija 00646nam a2200205 i 4500
001 - NÚMERO DE CONTROL
campo de control 37194
003 - IDENTIFICADOR DE NÚMERO DE CONTROL
campo de control ES-MaACL
007 - CAMPO FIJO DE DESCRIPCIÓN FÍSICA--INFORMACIÓN GENERAL
campo de control de longitud fija t|
008 - DATOS DE LONGITUD FIJA--INFORMACIÓN GENERAL
campo de control de longitud fija 030220s1955 sp ||||1| spa d
100 1# - ENTRADA PRINCIPAL--NOMBRE DE PERSONA
Nombre de persona Bunin, Iván Alekseevich.
9 (RLIN) 32552
245 10 - MENCIÓN DEL TÍTULO
Título Cuando la vida empieza /
Mención de responsabilidad, etc. Iván Alekseevich Bunin ; [versión española de Renato Lavergne].
250 ## - MENCION DE EDICION
Mención de edición [1ª ed.].
260 ## - PUBLICACIÓN, DISTRIBUCIÓN, ETC.
Lugar de publicación, distribución, etc. Barcelona :
Nombre del editor, distribuidor, etc. Luis de Caralt,
Fecha de publicación, distribución, etc. [1955] (
Fabricante Horta)
300 ## - DESCRIPCIÓN FÍSICA
Extensión 380 p. :
Otras características físicas il. ;
Dimensiones 20 cm.
490 1# - MENCIÓN DE SERIE
Mención de serie Colección gigante
700 1# - ENTRADA AGREGADA--NOMBRE PERSONAL
Nombre de persona Lavergne, Renato.
9 (RLIN) 70708
830 0# - PUNTO DE ACCESO ADICIONAL DE SERIE-TÍTULO UNIFORME
Título uniforme Colección gigante
9 (RLIN) 181935
852 ## - LOCALIZACIÓN
Ubicación ES-MaACL
Número de control de estantería C-9819
Sublocalización o colección R.37667
Holdings
Estatus retirado Estado de pérdida Estado de daño No para préstamo Biblioteca de origen Biblioteca actual Ubicación en estantería Fecha de adquisición Fuente de adquisición Total de préstamos Signatura topográfica completa Código de barras Visto por última vez Precio de reemplazo Tipo de ítem Koha
        Biblioteca del Ateneo de Madrid Biblioteca del Ateneo de Madrid Sala Palomar 17/01/2008     C-9819 1039133 23/02/2023 23/02/2023 Libro impreso